000 01038cam a2200289 4500
001 J3992
008 090401t1996 xxu||||| |||| 00| 0 eng d
035 _a(Sirsi) u57879
041 _aeng
050 _a333.33016
110 _aJoseph Rowntree Foundation
_92318
245 _aJoseph Rowntree Foundation index of private rents and yields. - First quarter 1996 - Fourth Quarter 1996
260 _aYork
_bCentre for Housing Policy
_c1996-
300 _a4 pt. ; 30cm.
350 _a0
520 _aProduced in collaboration with the Association of Residential Letting Agents, the Rent Officer Service and the Halifax Building Society.
650 _aASSOCIATION OF RESIDENTIAL LETTING AGENTS
650 _aHALIFAX BUILDING SOCIETY
650 _aJOSEPH ROWNTREE FOUNDATION INDEX OF PRIVATE RENTS AND YIELDS
650 _aPRIVATE SECTOR RENTS
650 _aRENT INDICES
650 _aRENT OFFICER SERVICE
650 _aRESIDENTIAL PROPERTY
_96266
690 _aPROPERTY LAW AND PRACTICE
942 _n0
948 _c04/03/1997
999 _c93989
_d93989